00582nam a2200169Ia 4500001000900000003000500009005001700014008004100031010001100072040000900083100003100092245014200123260005000265300001000315500004200325650004500367dia_3949CHAP20221002190111.0220117s2000 xx 000 0 und d a174557 cCHAP aSagarnaga Villegas, Myriam aCompetitividad de los principales productos agropecuarios mexicanos en el mercado estadounidense /c Myriam Sagarnaga Villegas...[et al] aChapingo, México :b UACh, CIESTAAM,c2000 a22 p. aD. \ (Reporte de investigación ; 5) aProductos agrícolasxMercadoxMéxico